Bahagia setelah derita
| Main Author: | |
|---|---|
| Format: | Book |
| Published: |
Petaling Jaya :
Pustaka Tintamas ,
1996
|
| Series: | Siri Novel Remaja Kencana
|
| Subjects: |
MARC
| LEADER | 00000cam a2200000 7i4500 | ||
|---|---|---|---|
| 001 | 0000009244 | ||
| 002 | 000010067 | ||
| 005 | 20000330.0 | ||
| 020 | |a 9839166395 | ||
| 090 | 0 | 0 | |a JF |b SUR |
| 100 | 0 | |a Surya Hidayat | |
| 245 | 1 | 0 | |a Bahagia setelah derita |c Surya Hidayat |
| 260 | |a Petaling Jaya : |b Pustaka Tintamas , |c 1996 | ||
| 300 | |a 101p. : |b ill. ; |c 18cm. | ||
| 490 | 0 | |a Siri Novel Remaja Kencana | |
| 650 | 0 | 0 | |a Children's stories, Malay |
| 999 | |a 049349 |b BUKU |c PINJAMAN |e PERPUSTAKAAN KOMUNITI PETALING JAYA | ||
| 999 | |a 056068 |b BUKU |c PINJAMAN |e PERPUSTAKAAN KOMUNITI CAW KOTA DAMANSARA | ||